| 000 | 00763nam a2200181Ia 4500 | ||
|---|---|---|---|
| 008 | 090122s9999 xx 000 0 und d | ||
| 082 |
_b13930 _a954 |
||
| 100 |
_aनायक _bश्रीकांत _cविष्णु |
||
| 245 | _aमंथन भारतीय इतिहासाचा स्मृतिशिला | ||
| 260 |
_bज्ञानदत्त _c2008 |
||
| 300 | _a320 | ||
| 501 | _a"301 - 29/11/2008 ललित वितरण,पुणे" | ||
| 600 | _aनायक | ||
| 630 | _aमंथन भारतीय इतिहासाचा स्मृतिशिला | ||
| 700 | _aनायक | ||
| 730 | _aमंथन भारतीय इतिहासाचा स्मृतिशिला | ||
| 942 | _cBOOK | ||
| 999 |
_c38007 _d38007 |
||